Guess the random Taylor Swift Song Lyrics 43 - Statistics

General Stats
  • This quiz has been taken 11 times
  • The average score is 203 of 348
Answer Stats
Answer % Correct
a
100%
all
100%
an
100%
And
100%
and
100%
I
100%
in
100%
the
100%
to
100%
when
100%
for
91%
For
91%
It's
91%
it's
91%
know
91%
love
91%
me
91%
my
91%
My
91%
of
91%
so
91%
So
91%
That
91%
we
91%
who
91%
why
91%
you
91%
You
91%
your
91%
be
82%
don't
82%
Don't
82%
have
82%
hear
82%
on
82%
were
82%
I'm
73%
is
73%
not
73%
There
73%
this
73%
was
73%
you're
73%
from
64%
had
64%
his
64%
how
64%
if
64%
I've
64%
up
64%
am
55%
at
55%
But
55%
could
55%
he's
55%
out
55%
day
45%
friends
45%
got
45%
knew
45%
now
45%
Now
45%
their
45%
today
45%
with
45%
back
36%
best
36%
car
36%
days
36%
didn't
36%
even
36%
mean
36%
or
36%
say
36%
than
36%
way
36%
world
36%
13
27%
away
27%
come
27%
father
27%
gonna
27%
look
27%
Look
27%
old
27%
school
27%
smiles
27%
whole
27%
age
18%
better
18%
brother
18%
coat
18%
cold
18%
crying
18%
excellent
18%
eyes
18%
feel
18%
five
18%
getting
18%
home
18%
house
18%
lady
18%
making
18%
princesses
18%
run
18%
seven
18%
shop
18%
take
18%
talk
18%
three
18%
wide
18%
window
18%
years
18%
anything
9%
asleep
9%
big
9%
change
9%
Daddy's
9%
drive
9%
enough
9%
fall
9%
far
9%
find
9%
forgotten
9%
found
9%
givin'
9%
God
9%
grab
9%
grew
9%
hold
9%
hug
9%
inside
9%
keys
9%
kitchen
9%
laugh
9%
laughin'
9%
legs
9%
little
9%
long
9%
names
9%
near
9%
okay
9%
paint
9%
Past
9%
patch
9%
pirate
9%
prettiest
9%
pretty
9%
pumpkin
9%
ride
9%
scared
9%
set
9%
ships
9%
side
9%
sky
9%
smart
9%
smiling
9%
Snow
9%
space
9%
strength
9%
stronger
9%
talkin'
9%
tight
9%
'Til
9%
town
9%
tractor
9%
trees
9%
Until
9%
video
9%
White's
9%
wrong
9%
chance
0%
dwarves
0%
gold
0%
rides
0%
shine
0%
staying
0%
taking
0%
watchin'
0%
No matching quizzes found
Score Distribution
Percent of People with Each Score
Percentile by Number Answered
Your Score History
You have not taken this quiz